000 00701nam a2200205Ii 4500
003 JO-AjNU
008 230605s9999||||xx |||||||||||||| ||und||
017 _a1987/2150
040 _aJO-AjNU
_bara
_erda
_cJO-AjNU
041 _aara
050 1 4 _aKRM1822.A226.1987
100 3 _aعابدين، محمد أحمد,
_eauthor
_946528
245 0 0 _aخصومة الاستئناف أمام المحكمة المدنية
264 3 1 _aالاسكندرية : منشأة المعارف ، 1987
300 _a381ص
336 _atext
_btxt
_2rdacontent
337 _aunmediated
_bn
_2rdamedia
338 _avolume
_bnc
_2rdacarrier
650 4 _aالطعن بالاستئناف -- قانون -- مصر
_946529
999 _aA20249
_c23817
_d23817